Una posibilidad : edición integral /
Gorde:
| Egile nagusia: | |
|---|---|
| Beste egile batzuk: | , |
| Formatua: | Liburua |
| Hizkuntza: | gaztelania |
| Argitaratua: |
Bilbao, España :
Astiberri,
2017, c2017
|
| Saila: | (Sillón Orejero)
|
| Gaiak: | |
| Etiketak: |
Etiketarik gabe, Izan zaitez lehena erregistro honi etiketa jartzen!
|
MARC
| LEADER | 00000nam^a2200000^a^4500 | ||
|---|---|---|---|
| 001 | 000406308 | ||
| 005 | 20250521000000.0 | ||
| 009 | 20260310121855.321 | ||
| 020 | |a 978-84-16251-90-2 | ||
| 037 | |a Acervo ITESO - Biblioteca | ||
| 041 | |a ESP | ||
| 082 | |a 808. 83929 |b DUR | ||
| 100 | |a Durán, Cristina |e (autor) | ||
| 240 | 1 | 4 | |a [Una posibilidad entre mil] |
| 240 | 1 | 3 | |a [La máquina de Efrén] |
| 245 | 1 | 3 | |a Una posibilidad : |b edición integral / |c C. Durán, M.A. Giner Bou ; pról. de E. Punset. |
| 264 | 4 | |a Bilbao, España : |b Astiberri, |c 2017, c2017 | |
| 300 | |a 317 p. | ||
| 336 | |a texto |b txt |2 rdacontenido | ||
| 337 | |a sin mediación |b n |2 rdamedio | ||
| 338 | |a volumen |b nc |2 rdasoporte | ||
| 440 | 1 | |a (Sillón Orejero) | |
| 585 | |a Exposición DIA 2022-02 / Miradas a una espiral creciente: por los caminos de la novela gráfica | ||
| 649 | |a XX | ||
| 650 | |a Historietas y Caricaturas Españolas | ||
| 650 | |a Novela Gráfica | ||
| 650 | |a Novela Española | ||
| 650 | |a Literatura Española - |y Siglo XXI | ||
| 650 | |a Discapacidades Mentales en la Literatura | ||
| 650 | |a Adopción en la Literatura | ||
| 740 | 3 | |a Una posibilidad entre mil / |c C. Durán, M.A. Giner Bou. | |
| 740 | 3 | |a La máquina de Efrén / |c C. Durán, M.A. Giner Bou. | |
| 700 | |a Giner Bou, Miguel Angel |e (autor) | ||
| 700 | |a Punset, Eduardo |e (prólogo) | ||
| 910 | |a Fondo General | ||
| 920 | |a Impresos - Libros | ||
| 930 | |a Colección General | ||
| 940 | |a Literatura | ||
| 905 | |a 101 | ||
| 901 | |a 0500310839 |b IT1 |c LIT |i C159121 |u 20250521 | ||
| 902 | |a https://opac.biblio.iteso.mx/vufind/Record/000406308 | ||